000 01872namaa22003611i 4500
003 EG-GICUC
005 20260602122529.0
008 260602m2013201uua ab||jr|||| 00| 0 ara d
017 _a2013 / 24520 (v.2)
_a2013 / 19095 (v.4)
_a2013 / 19178 (v.7)
_bدار الكتب والوثائق القومية(مصر)
020 _a9789777186049 (v.2)
020 _a9789777043076 (v.4)
040 _aEG-GiCUC
_bara
_cEG-GiCUC
_dEG-GiCUC
_erda
082 0 4 _221
_a916.203
_bM3971
092 0 4 _221
_a916.203
_bM3971
099 _a916.203 M3971 2013
100 1 _aمشعل، جمال
_eمؤلف.
245 1 _aموسوعة البلدان المصرية /
_cجمال مشعل
250 _aالطبعة الاولى
264 _aالقاهرة (مصر) :
_bالمجلس الاعلى للثقافة،
_c2013-
300 _a: 4 مجلدات
_bإيضاحيات، صور ؛
_c24 سم
336 _2rdacontent
_atext
337 _2rdamedia
_aUnmediated
338 _2rdacarrier
_avolume
490 _aسلسلة إبداعات التفرغ ؛
_v74-79
500 _aالمكتبة تقتنى فقط المجلد الثانى والرابع والخامس والسابع
504 _aيشتمل على ارجاعات ببليوجرافية
505 _aالمجلد الثانى. محافظات الوجه البحرى (الدقهليةودمياط) -- المجلد الرابع.محافظات الوجه البحرى (المنوفية-الغربية) --المجلد الخامس. محافظات الوجه البحرى (كفر الشيخ-البحيرة) -- المجلد السابع. محافظات (بنى سويف- المنيا)
541 _aوزارة الثقافة ؛
_bالقاهرة ؛
_cإهداء ؛
_d2023.
650 1 7 _aالمدن
_xتاريخ
_2qrmak
651 1 _2qrmak
_aمصر
_vموسوعات
_xوصف ورحلات
905 _aHuda
942 _2ddc
_cBK
_e21
_n0
999 _c180336
_d180336